00527 a2200157 4500020001400000082001200014090001500026100001900041245003900060260004600099300002100145650003000166942002000196999001500216952013800231 a969474051 a891.439 c5667d5667 aAshraf Nadeem. aJadeed Urdu LughatcAshraf Nadeem. aIslamabad: .bMuqtadara Qomi Zuban,c2000 a740 p. ;c26 cm. aUrdu language--Dictionary cBKk891.439 ASH c9513d9513 001040708NFICaCLbCLcGENd2002-08-23eNational Language Authorityg250.00o891.439 ASHpSEECS002307r2012-11-14w2017-01-05yREF